Loading...
| Literature - American | 1 | 5 | 3 | 0 | 50 | 69 | 101.83 | 6 | 6 | 0.00 | 0.00 |
| Literature - British | 3 | 1 | 1 | 0 | 50 | 19 | 55.25 | 4 | 4 | 0.00 | 0.00 |
| Literature - European | 1 | 4 | 2 | 0 | 45 | 78 | 115.00 | 4 | 5 | 0.00 | 0.00 |
| Science - Physics | 1 | 3 | 1 | 0 | 40 | 67 | 73.75 | 2 | 4 | 0.00 | 0.00 |
| Science - Other | 2 | 1 | 1 | 0 | 35 | 66 | 83.00 | 2 | 3 | 0.00 | 0.00 |
| Literature - World | 0 | 4 | 2 | 0 | 30 | 79 | 105.25 | 2 | 4 | 0.00 | 0.00 |
| Science - Biology | 0 | 3 | 0 | 0 | 30 | 94 | 108.00 | 0 | 3 | 0.00 | 0.00 |
| Philosophy | 0 | 3 | 0 | 0 | 30 | 91 | 110.33 | 2 | 3 | 0.00 | 0.00 |
| Mythology | 0 | 3 | 0 | 0 | 30 | 65 | 92.00 | 1 | 3 | 0.00 | 0.00 |
| Social Science | 1 | 1 | 0 | 1 | 25 | 74 | 100.50 | 0 | 2 | 0.00 | 0.00 |
| Fine Arts - Other | 1 | 1 | 1 | 0 | 20 | 36 | 65.00 | 2 | 2 | 0.00 | 0.00 |
| Fine Arts - Visual | 0 | 2 | 0 | 0 | 20 | 123 | 132.00 | 1 | 2 | 0.00 | 0.00 |
| Religion | 1 | 0 | 0 | 0 | 15 | 43 | 43.00 | 1 | 1 | 0.00 | 0.00 |
| Religion- | 0 | 1 | 0 | 1 | 10 | 137 | 137.00 | 0 | 1 | 0.00 | 0.00 |
| Other Academic | 0 | 1 | 0 | 0 | 10 | 108 | 108.00 | 1 | 1 | 0.00 | 0.00 |
| History - American | 0 | 1 | 1 | 0 | 5 | 108 | 108.00 | 0 | 1 | 0.00 | 0.00 |
| Science - Chemistry | 0 | 1 | 1 | 0 | 5 | 111 | 111.00 | 1 | 1 | 0.00 | 0.00 |
| Fine Arts - Auditory | 0 | 0 | 0 | 0 | 0 | 0.00 | 0 | 0 | 0.00 | 0.00 | |
| History - World | 0 | 0 | 3 | 0 | -15 | 0.00 | 0 | 0 | 0.00 | 0.00 |